000 00622nam a22002057a 4500
003 BD-DhJNU
005 20250318070940.0
008 250318b |||||||| |||| 00| 0 eng d
020 _a0201108038
040 _aBD-DhJNU
_bENG
_cBD-DhJNU
_dBD-DhJNU
082 _223
_a174.4
100 _aDomini, Amy L
245 _aEthical investing /
_cAmy L. Domini and Peter D. Kinder
260 _aCalifornia :
_bAddison-Wesley,
_c1984.
300 _axv, 288 p. :
_bill. ;
_c25 cm.
504 _aincludes bibliographical reference and index
650 _aMoral and ethical aspects
700 _aKinder, Peter D.
942 _2ddc
_cBK
_n0
999 _c1504
_d1504